Names in the Bible that start with 'G' - Statistics

General Stats
  • This quiz has been taken 40 times
  • The average score is 2 of 6
Answer Stats
Answer % Correct
Gabriel
76%
Gideon
45%
Goliath
34%
Gaius
11%
Gershom
5%
Gether
0%
No matching quizzes found
Score Distribution
Percent of People with Each Score
Percentile by Number Answered
Your Score History
You have not taken this quiz